Précis d'histoire européenne : Du 19e siècle à nos jours (notice n° 2198487)

détails MARC
000 -LEADER
fixed length control field 01635cam a2200193 4500500
005 - DATE AND TIME OF LATEST TRANSACTION
control field 20260405085544.0
041 ## - LANGUAGE CODE
Language code of text/sound track or separate title fre
042 ## - AUTHENTICATION CODE
Authentication code dc
100 10 - MAIN ENTRY--PERSONAL NAME
Personal name Asselain, Jean-Charles
Relator term author
245 00 - TITLE STATEMENT
Title Précis d'histoire européenne : Du 19e siècle à nos jours
260 ## - PUBLICATION, DISTRIBUTION, ETC.
Name of publisher, distributor, etc. Armand Colin,<br/>
Date of publication, distribution, etc. 2015.<br/>
520 ## - SUMMARY, ETC.
Summary, etc. Cet ouvrage est né de la collaboration d’auteurs venus de disciplines diverses, histoire, bien sûr, mais aussi économie et science politique, collaboration rendue possible par la longue pratique d’un dialogue interdisciplinaire noué notamment à l’Institut d’Études Politiques de Bordeaux. Ayant renoncé à la facilité qui conduit à s’en tenir pour écrire l’histoire européenne à juxtaposer des histoires nationales, cet ouvrage n’échappe pas à cette autre commodité qui est de distinguer, mais sans jamais admettre leur étanchéité, les champs classiques de l’histoire politique, culturelle, économique et sociale. Ce choix découle du respect des compétences des divers auteurs et rend plus accessible pour le lecteur l’approche d’une complexité qui découle de la superposition des différents champs. Dans cette réédition, les auteurs s’interrogent collectivement en conclusion générale sur les fragilités actuelles de l’Europe.
700 10 - ADDED ENTRY--PERSONAL NAME
Personal name Delfaud, Pierre
Relator term author
700 10 - ADDED ENTRY--PERSONAL NAME
Personal name Guillaume, Pierre
Relator term author
700 10 - ADDED ENTRY--PERSONAL NAME
Personal name Guillaume, Sylvie
Relator term author
700 10 - ADDED ENTRY--PERSONAL NAME
Personal name Kintz, Jean-Pierre
Relator term author
700 10 - ADDED ENTRY--PERSONAL NAME
Personal name Mougel, François-Charles
Relator term author
856 41 - ELECTRONIC LOCATION AND ACCESS
Uniform Resource Identifier <a href="https://shs.cairn.info/precis-d-histoire-europeenne--9782200601188?lang=fr&redirect-ssocas=7080">https://shs.cairn.info/precis-d-histoire-europeenne--9782200601188?lang=fr&redirect-ssocas=7080</a>

Pas d'exemplaire disponible.

PLUDOC

PLUDOC est la plateforme unique et centralisée de gestion des bibliothèques physiques et numériques de Guinée administré par le CEDUST. Elle est la plus grande base de données de ressources documentaires pour les Étudiants, Enseignants chercheurs et Chercheurs de Guinée.

Adresse

627 919 101/664 919 101

25 boulevard du commerce
Kaloum, Conakry, Guinée

Réseaux sociaux

Powered by Netsen Group @ 2025